000
00314pab a2200133 454500
008
180718b1983 xxu||||| |||| 00| 0 eng d
245
_a
Industrial policy (1981)
260
_c
1983
300
_a
127-48
362
_a
July
650
_a
Government Regulation of Business Nepal
773
_a
Prashasan
909
_a
9424
999
_c
9424
_d
9424